Interesting Quotes Quiz - Statistics

General Stats
  • This quiz has been taken 33 times
  • The average score is 6 of 20
Answer Stats
Quote % Correct
To do evil a human being must first of all believe that what he's doing is {good}.
77%
Never play leapfrog with a {unicorn}.
43%
Everything in {moderation}, including {moderation}.
40%
History doesn't repeat itself, but it {rhymes}.
37%
{Facts} are stubborn things.
33%
I came not to send peace, but a {sword}.
33%
The Soviets are our adversary. Our enemy is the {Navy}.
33%
God created men. {Colt} made them equal.
30%
If you wish to make an {apple} {pie} from scratch, you must first invent the universe.
30%
In Italy, for thirty years under the Borgias, they had warfare, terror, murder and bloodshed, but they produced Michelangelo, Leonardo da Vinci and the Renaissance. In Switzerland, they had brotherly love, they had five hundred years of democracy and peace – and what did that produce? The {cuckoo} {clock}.
30%
The trouble with {socialism} is that eventually you run out of other people's money.
30%
I used to be {Snow} {White}, but I drifted.
27%
To learn who rules over you, simply find out who you are not allowed to {criticize}.
23%
{Power} is the ultimate aphrodisiac.
20%
The secret of being a {bore} is to tell everything.
20%
Any sufficiently advanced {stupidity} is indistinguishable from malice.
17%
A {witty} {saying} proves nothing.
17%
{Chess} is elaborate a waste of human intelligence as you could find anywhere outside an advertising agency.
13%
One person's overtreatment is another person's {income} {stream}.
10%
To understand all is to {forgive} all.
10%
No matching quizzes found
Score Distribution
Percent of People with Each Score
Percentile by Number Answered
Your Score History
You have not taken this quiz